Kadra reprezentacji Holandii - MŚ 2006 - Statystyki

Ogólne statystyki
  • Ten quiz został rozwiązany 26 razy
  • Średni wynik to 11 z 24
Statystyki odpowiedzi
Nr Zawodnik Poz % Poprawnych
11 Arjen Robben PO
86%
1 Edwin van der Sar BR
86%
17 Robin van Persie NA
86%
20 Wesley Sneijder PO
77%
5 Giovanni van Bronckhorst OB
73%
14 Johnny Heitinga OB
73%
10 Rafael van der Vaart PO
73%
9 Ruud van Nistelrooy NA
73%
23 Maarten Stekelenburg BR
64%
18 Mark van Bommel PO
64%
7 Dirk Kuyt NA
59%
4 Joris Mathijsen OB
36%
# Marco van Basten Trener
36%
13 André Ooijer OB
23%
19 Jan Vennegoor of Hesselink NA
23%
3 Khalid Boulahrouz OB
23%
8 Phillip Cocu PO
23%
21 Ryan Babel NA
23%
2 Kew Jaliens OB
18%
16 Hedwiges Maduro PO
14%
22 Henk Timmer BR
9%
6 Denny Landzaat PO
5%
12 Jan Kromkamp OB
5%
15 Tim de Cler OB
5%
Nie znaleziono quizów pasujących do podanych kryteriów
Rozkład punktacji
Procent ludzi z każdym wynikiem
Percentyl według liczby udzielonych odpowiedzi
Twoja historia wyników
Nie rozwiązałeś tego quizu